Derecho Societario Colombiano : (Registro nro. 14194)
[ vista simple ]
| 000 -LEADER | |
|---|---|
| fixed length control field | 01082nam a2200229Ia 4500 |
| 003 - CONTROL NUMBER IDENTIFIER | |
| control field | OSt |
| 005 - DATE AND TIME OF LATEST TRANSACTION | |
| control field | 20221215104102.0 |
| 008 - FIXED-LENGTH DATA ELEMENTS--GENERAL INFORMATION | |
| fixed length control field | 210310s1979 ck fr 001 0 spa d |
| 040 ## - CATALOGING SOURCE | |
| Original cataloging agency | CO-JMCR |
| Transcribing agency | CO-JMCR |
| 041 0# - LANGUAGE CODE | |
| Language code of text/sound track or separate title | spa |
| 082 04 - DEWEY DECIMAL CLASSIFICATION NUMBER | |
| Edition number | 23 |
| Classification number | 346.062 / |
| Item number | G569d |
| 100 1# - MAIN ENTRY--PERSONAL NAME | |
| Personal name | Gómez Araújo, Luis Alberto, |
| 9 (RLIN) | 32978 |
| Relator term | autor |
| 245 10 - TITLE STATEMENT | |
| Title | Derecho Societario Colombiano : |
| Remainder of title | asamblea general de accionistas (con doctrinas de las Superintendencias de Sociedades y Bancaria) / |
| Statement of responsibility, etc. | Luis Alberto Gómez Araújo, Néstor Humberto Martínez Neira |
| 260 ## - PUBLICATION, DISTRIBUTION, ETC. | |
| Place of publication, distribution, etc. | Bogotá : |
| Name of publisher, distributor, etc. | Librería Fuente Jurídica, |
| Date of publication, distribution, etc. | 1979 |
| 300 ## - PHYSICAL DESCRIPTION | |
| Extent | 214 páginas ; |
| Dimensions | 24 cm |
| 500 ## - GENERAL NOTE | |
| General note | Incluye índice de materias |
| 504 ## - BIBLIOGRAPHY, ETC. NOTE | |
| Bibliography, etc. note | Bibliografía: páginas 211-212 |
| 505 0# - FORMATTED CONTENTS NOTE | |
| Formatted contents note | Introducción -- Concepto -- Funciones -- Clases de reuniones -- Convocatoria -- Deliberaciones y decisiones -- Las actas -- Vicios que afectan las determinaciones de la asamblea -- Iniciativas -- Apéndice |
| 650 14 - SUBJECT ADDED ENTRY--TOPICAL TERM | |
| Topical term or geographic name entry element | Asambleas de accionistas |
| 9 (RLIN) | 32980 |
| Geographic subdivision | Colombia |
| 700 1# - ADDED ENTRY--PERSONAL NAME | |
| Personal name | Martínez Neira, Néstor Humberto, |
| Relator term | autor |
| 9 (RLIN) | 8973 |
| 942 ## - ADDED ENTRY ELEMENTS (KOHA) | |
| Source of classification or shelving scheme | Dewey Decimal Classification |
| Koha item type | Books |
| Withdrawn status | Lost status | Source of classification or shelving scheme | Damaged status | Not for loan | Home library | Current library | Date acquired | Total Checkouts | Full call number | Barcode | Date last seen | Date last checked out | Copy number | Price effective from | Koha item type |
|---|---|---|---|---|---|---|---|---|---|---|---|---|---|---|---|
| Dewey Decimal Classification | Biblioteca Pública José María del Castillo y Rada | Biblioteca Pública José María del Castillo y Rada | 03/10/2021 | 1 | 346.062 / G569d | 201811603 | 06/16/2025 | 06/13/2025 | Ej.1 | 03/10/2021 | Books |